000
00314pam a2200145 a 4500
020
_c
041
_a
eng
082
_b
PAT
100
_a
Patil YV ,
_e
Wagh SA ,
245
_a
Pryavarn abhyas
_h
Textual Documents
250
_a
2014.
260
_a
Dhule :
_b
Arth Publication .
300
_a
136 pg .
930
_a
9007
999
_c
85913
_d
85913